Statistics for All MCU Villains (Impossible!)

Click here to take the quiz!

General Stats

  • This quiz has been taken 588 times
  • The average score is 39 of 64

Answer Stats

MovieAnswer% Correct
The AvengersLoki
96%
ThorLoki
96%
Avengers: Infinity WarThanos
95%
Avengers: EndgameThanos
95%
Captain America: The First AvengerRed Skull
91%
Avengers: Age of UltronUltron
91%
Iron ManIron Monger
88%
Iron Man 2Whiplash
87%
Winter Soldier
87%
Thor: RagnarokHela
86%
The Incredible HulkThe Abomination
86%
Ant-ManYellowjacket
85%
Black PantherKillmonger
83%
Spider-Man; Far From HomeMysterio
83%
Spider-Man: HomecomingVulture
83%
Guardians of the Galaxy Volume 2Ego
82%
Guardians of the Galaxy Volume 1Ronan
82%
Ronan
82%
Ant-Man & The WaspGhost
79%
Captain America: Civil WarHelmut Zemo
78%
Iron Man 3Mandarin
78%
Dormammu
74%
Thor: The Dark WorldMalekith
74%
Thunderbolt Ross
73%
Thunderbolt Ross
73%
Justin Hammer
68%
Arnim Zola
66%
Arnim Zola
66%
Ebony Maw
64%
Ulysses Klaue
64%
Ulysses Klaue
64%
Hydro Man
63%
Proxima Midnight
63%
Captain America: The Winter SoldierAlexander Pierce
61%
Laufey
61%
Molten Man
61%
Brock Rumlow
59%
Crossbones
59%
Cull Obsidian
56%
Grandmaster
56%
The Shocker
56%
Nebula
55%
Doctor StrangeKaecilius
54%
Surtur
54%
Corvus Glaive
53%
Yondu Udonta
48%
Captain MarvelYon Rogg
48%
Destroyer
45%
Karl Mordo
44%
Chitauri
42%
Ayesha
41%
Taserface
40%
Baron von Strucker
38%
The Tinkerer
35%
Sonny Birch
32%
Bill Foster
30%
Jasper Sitwell
30%
The Collector
30%
Korath
28%
Raza Hamidmi Al-Wazar
26%
Sandman
24%
Minn Erva
21%
Batroc the Leaper
19%
Cyclone
8%

Score Distribution

Percentile by Number Answered

Percent of People with Each Score

Your Score History

You have not taken this quiz